Night Light - Laufey Lyric Quiz - Statistics

General Stats
  • This quiz has been taken 49 times
  • The average score is 123 of 164
Answer Stats
% Correct
A
94%
The
94%
Ever
91%
I
91%
Night
91%
On
91%
To
91%
Your
91%
Door
88%
First
88%
Left
88%
Up
88%
All
85%
Staircase
85%
For
82%
Nights
82%
Of
82%
Sleepless
82%
After
79%
Every
79%
Keeping
79%
Light
79%
In
76%
I’ve
76%
Waiting
76%
Be
74%
Dream
74%
Laughter
74%
By
71%
Everything
71%
Know
71%
Ten
71%
Wall
71%
Falling
68%
Had
68%
It
68%
My
68%
Outside
68%
Posters
68%
Snow
68%
Stars
68%
Treasure
68%
Childhood
65%
Little
65%
Pop
65%
So
65%
Twin
65%
And
62%
Bed
62%
Book
62%
Chest
62%
Down
62%
Melody
62%
Sized
62%
Sleeping
62%
Small
62%
Have
59%
Heard
59%
Home
59%
Known
59%
Room
59%
Take
59%
Window
59%
Word
59%
Feels
56%
Record
56%
Walls
56%
Anymore
50%
Empty
50%
Guess
50%
Here
50%
Living
50%
Won’t
50%
Inside
47%
Looks
47%
Boxes
44%
Covering
44%
Floor
44%
Safe
44%
Cardboard
41%
White
41%
That
32%
No matching quizzes found
Score Distribution
Percent of People with Each Score
Percentile by Number Answered
Your Score History
You have not taken this quiz